000 00256 a2200097 4500
100 _aAllama Iqbal Open University
245 _aMutaalah-i-Pakistan (Lazmi)
260 _aIslamabad
_bJadid Book Depot
_c
090 _c25045
_d25045
942 _aNUST-CAE
_cM
_c16720
999 _c407103
_d407103